000 00593nam a2200241 a 4500
001 0001-1171
003 ELIB.Books
008 150507 2010 eng
020 _a1857881702
035 _a(ELIB.Books)0001-1326
092 _a658.3
_bWhi
100 _aWhitmore, John.
245 _aCoaching For Performance
260 _aLondon
_bNicholas Brealey
_c1996
300 _a158
_c23 Cm
500 _aC/o Moe Lwei
650 _aManagement
856 _nKBTS: Library
_uKBTS: Elib
942 _2ddc
_cBK
990 _a1
998 _cbat
_e2015-05-07
999 _c11171
_d11171